Top 10 English Football Transfer Records - Statistics

General Stats
  • This quiz has been taken 334 times
    75 since last reset
  • The average score is 9 of 10
Answer Stats
Rank Name Joined Left Season Fee % Correct
4 Harry Kane Bayern Munich Tottenham Hotspur 23/24 €95.00m
100%
2 Declan Rice Arsenal FC West Ham United 23/24 €116.60m
99%
3 Jude Bellingham Real Madrid Borussia Dortmund 23/24 €113.00m
99%
1 Jack Grealish Manchester City Aston Villa 21/22 €117.50m
97%
6 Jadon Sancho Manchester United Borussia Dortmund 21/22 €85.00m
97%
5 Harry Maguire Manchester United Leicester City 19/20 €87.00m
94%
9 Raheem Sterling Manchester City Liverpool FC 15/16 €63.70m
90%
7 Mason Mount Manchester United Chelsea FC 23/24 €67.70m
83%
8 Dominic Solanke Tottenham Hotspur AFC Bournemouth 24/25 €64.30m
80%
10 Ben White Arsenal FC Brighton & Hove Albion 21/22 €58.50m
73%
No matching quizzes found
Score Distribution
Percent of People with Each Score
Percentile by Number Answered
Your Score History
You have not taken this quiz since the last reset